Statistics for NBA Rookies of the Year

Click here to take the quiz!

General Stats

  • This quiz has been taken 11 times
  • The average score is 13 of 21

Answer Stats

HintAnswer% Correct
2009Derrick Rose
100%
2008Kevin Durant
89%
2004LeBron James
89%
2018Ben Simmons
78%
2011Blake Griffin
78%
2013Damian Lillard
78%
2012Kyrie Irving
78%
2021Lamelo Ball
78%
2019Luka Doncic
78%
2006Chris Paul
67%
2020Ja Morant
67%
2016Karl Anthony-Towns
67%
2014Michael Carter-Williams
67%
2005Emeka Okafor
56%
2015Andrew Wiggins
44%
2017Malcolm Brogdon
44%
2002Pau Gasol
33%
2003Amar'e Stoudemire
22%
2007Brandon Roy
22%
2010Tyreke Evans
22%
2001Mike Miller
11%

Score Distribution

Percentile by Number Answered

Percent of People with Each Score

Your Score History

You have not taken this quiz